|
|
|
|
| LEADER |
00000nam a22000005a 4500 |
| 001 |
vtls010496930 |
| 003 |
SK-MaSNL |
| 005 |
20260425223242.0 |
| 008 |
240315s2012 xo o c 000 0 slo |
| 015 |
|
|
|a SNBE2013
|
| 020 |
|
|
|a 9788089340460
|q (brož.)
|
| 040 |
|
|
|a SNK
|b slo
|c SNK
|e AACR2
|
| 041 |
1 |
|
|a slo
|a eng
|h slo
|
| 043 |
|
|
|a e-xo---
|
| 044 |
|
|
|a xo
|c SK
|
| 072 |
|
7 |
|a 77
|x Fotografia. Fotografické postupy
|2 konspekt
|
| 080 |
|
|
|a 77-051
|2 2001
|
| 080 |
|
|
|a 77.044
|2 2001
|
| 080 |
|
|
|a (437.6)
|2 2001
|
| 080 |
|
|
|a (084.12)
|2 2001
|
| 080 |
|
|
|a (083.82)
|2 2001
|
| 100 |
1 |
|
|a Pauer, Marián
|4 aut
|9 290055
|
| 245 |
1 |
0 |
|a Joe Klamar. Pohyblivý svet
|c Marián Pauer ; fotografie: Joe Klamar ; texty: Marán Pauer ; grafická úprava: Milan Mikula ; preklad: Beata Havelská
|
| 246 |
3 |
0 |
|a Pohyblivý svet
|
| 246 |
1 |
0 |
|a Moving world
|
| 250 |
|
|
|a [1. vyd.]
|
| 260 |
|
|
|a Bratislava
|b Galéria mesta Bratislavy
|c 2012
|
| 300 |
|
|
|a 80 s.
|b fotogr.
|c 22 cm
|
| 500 |
|
|
|a Obsahuje biogr. údaje
|
| 536 |
|
|
|a Projekt: Henkel Slovensko Slovensku 2012
|
| 600 |
1 |
0 |
|a Klamar, Joe,
|d 1965-
|2 SNKPH
|9 333448
|
| 648 |
|
7 |
|a 20.-21. stor.
|2 SNKPH
|9 270701
|
| 648 |
|
7 |
|a 20th-21st centuries
|2 SNKPHeng
|9 285312
|
| 650 |
0 |
7 |
|a fotografi
|2 SNKPH
|9 3159
|
| 650 |
0 |
7 |
|a novinárska fotografia
|2 SNKPH
|9 212870
|
| 650 |
0 |
7 |
|a Photographers
|2 SNKPHeng
|9 266312
|
| 650 |
0 |
7 |
|a News photography
|2 SNKPHeng
|9 333449
|
| 651 |
|
7 |
|a Slovensko
|2 SNKPH
|9 14231
|
| 651 |
|
7 |
|a Slovakia
|2 SNKPH
|9 92630
|
| 655 |
|
7 |
|a fotografické publikácie
|2 SNKPH
|9 70483
|
| 655 |
|
7 |
|a Photographical works
|2 SNKPHeng
|9 278887
|
| 655 |
|
7 |
|a katalógy
|2 SNKPH
|9 60821
|
| 655 |
|
7 |
|a Catalogs
|2 SNKPHeng
|9 266059
|
| 700 |
1 |
|
|a Klamar, Joe,
|d 1965-
|4 pht
|9 333448
|
| 700 |
1 |
|
|a Mikula, Milan
|4 bkd
|9 11560
|
| 700 |
1 |
|
|a Havelská, Beata
|4 trl
|9 248900
|
| 710 |
2 |
|
|a Galéria mesta Bratislavy
|4 pbl
|9 32177
|
| 919 |
|
|
|a 978-80-89340-46-0
|
| 958 |
|
|
|a BX
|
| 999 |
|
|
|c 580625
|d 582555
|
| 952 |
|
|
|a SNK
|b SNK
|y VYP
|7 0
|p 17A1064540
|o snkOSC 26409 D1
|i snk2013/5908
|8 0
|0 0
|1 0
|4 0
|d 2013-03-13
|l 0
|r 2026-02-23 14:49:18
|w 2026-02-23
|
| 952 |
|
|
|a SNK
|b SNK
|y PREZ
|7 0
|p 17A1064541
|o snkOSC 26409
|i snk2013/5907
|8 0
|0 0
|1 0
|4 0
|d 2013-03-13
|l 0
|r 2026-02-23 14:49:18
|w 2026-02-23
|